00830nam a2200217Ia 4500008004100000040001800041041000800059110003700067245014300104260004500247300001700292630003400309650003500343650002300378650003700401650003300438650004000471651002900511651003500540651003700575130821s1986 ck gr spa  aCo-BoUCMbspa aspa aColombia. Ministerio de Gobierno aElección popular de alcaldes acto legislativo No. 1 de 1986 Por el cual se reforma la constitución PolíticacMinisterio de Gobierno aBogotá (Colombia)bEl Ministerioc1986 a16 páginas aActo legislativo 0001 de 198604aAlcaldesxEleccioneszColombia04aAlcaldeszColombia04aDerecho administrativozColombia04aGobierno municipalzColombia04aReformas constitucionaleszColombia aColombiaxConstitución aColombiaxConstitucióny1886 aColombiaxDerecho constitucional